Online
Catalog

Los tres reyes magos / (Record no. 24597)

MARC details
000 -CABECERA
campo de control de longitud fija 00662nam a2200205 a 4500
001 - NÚMERO DE CONTROL
campo de control 000025104
005 - FECHA Y HORA DE LA ÚLTIMA TRANSACCIÓN
campo de control 20200930023552.0
008 - DATOS DE LONGITUD FIJA--INFORMACIÓN GENERAL
campo de control de longitud fija 081218s1996 dr a 000 j spa d
020 ## - NÚMERO INTERNACIONAL ESTÁNDAR DEL LIBRO
Número Internacional Estándar del Libro 8440678916
040 ## - FUENTE DE LA CATALOGACIÓN
Centro catalogador/agencia de origen DO-SdBNP
Lengua de catalogación spa
Centro/agencia transcriptor BNPHU
049 ## - FONDOS LOCALES (OCLC)
Fondos de biblioteca BNPD
-- BNGR
100 1# - ENTRADA PRINCIPAL--NOMBRE DE PERSONA
Nombre de persona Adrian Gilbert
9 (RLIN) 51494
240 10 - TÍTULO UNIFORME
Título uniforme The Magi
245 14 - MENCIÓN DE TÍTULO
Título Los tres reyes magos /
Mención de responsabilidad, etc. Gilbert, Adrian ; traducción Camila Barlles.
260 ## - PUBLICACIÓN, DISTRIBUCIÓN, ETC.
Lugar de publicación, distribución, etc. Barcelona :
Nombre del editor, distribuidor, etc. B, S.A.,
Fecha de publicación, distribución, etc. 1996
Fabricante LIBERDÚPLEX
300 ## - DESCRIPCIÓN FÍSICA
Extensión 358 p. :
Otras características físicas il.,retrs. ;
Dimensiones 22 cm.
500 ## - NOTA GENERAL
Nota general El camino de la sabiduría desde los egipcios hasta nuestro días
500 ## - NOTA GENERAL
Nota general Incluye índice
700 1# - PUNTO DE ACCESO ADICIONAL--NOMBRE DE PERSONA
Nombre de persona Barlles, Camila
Término indicativo de función/relación tr.
9 (RLIN) 51495
Holdings
Estado de retiro Estado de pérdida No para préstamo Código de colección Localización permanente Ubicación/localización actual Ubicación en estantería Fecha de adquisición Número de inventario Total de préstamos Signatura topográfica completa Código de barras Fecha visto por última vez Precio válido a partir de Tipo de ítem Koha
      Patrimonio Dominicano General General Orden iniciada 10.02.2011 LF1   25104-10 25.06.2020 25.06.2020 Libro y Folleto Colección Patrimonio Dominicano

Powered by Koha